000 00647nam a22001937a 4500
005 20160122133736.0
008 131205b ||||| |||| 00| 0 spa d
040 _aCO-BoIAVH
_cCO-BoIAVH
041 _aspa
090 _aLB
_b05844
245 0 0 _aCompilación de bibliografía sobre estudios de toxicidad aguda y subaguda de siete especies vegetales de la flora medicinal colombiana
260 _as.l.
_bs.e.
_cs.f.
300 _a300 p.
_c28 cm.
500 _aCompilación bibliográfica
650 _aplantas medicinales
_zColombia
650 _aespecies vegetales
_xtoxicidad
_zColombia
651 _ac
942 _2z
_cINFORME
999 _c8014
_d8014